| 000 | 00770cab a2200229 4500 | ||
|---|---|---|---|
| 001 | WB3301-49 | ||
| 008 | 090401t1996 xxu||||| |||| 00| 0 eng d | ||
| 035 | _a(Sirsi) u13098 | ||
| 041 | _aeng | ||
| 245 | _aMicrosoft products | ||
| 260 | _c1996 | ||
| 350 | _a0 | ||
| 490 |
_aCICA Bulletin _v(60) December 1996, 9(1) |
||
| 520 | _aMicrosoft products support dates beyond the year 2000, but it is possible for applications to perform incorrectly if developers have not used built-in date formats and functions. Lists life expectancy of date formats. | ||
| 650 | _aCOMPUTERS | ||
| 650 | _aMICROSOFT | ||
| 650 | _aSOFTWARE PACKAGES | ||
| 650 | _aYEAR 2000 | ||
| 690 | _aMANAGEMENT-BUSINESS MANAGEMENT-INFORMATION MANAGEMENT | ||
| 942 | _n0 | ||
| 948 | _c04/03/1997 | ||
| 999 |
_c8423 _d8423 |
||